Affrontez l'Alphabet #2 - Statistiques

Statistiques générales
  • Ce quiz a été pris 138 fois
  • Le résultat moyen est 8 sur 11
Statistiques - réponses
Hint Réponse % Correct
Donne les 2 lettres manquantes de la capitale du Massachusetts : _OS_ON BT / TB
100%
Donne les 2 lettres qui complètent le nom de cette série TV anglaise : The Cro_ _
WN / NW
99%
Donne les 2 lettres qui complètent le nom de la chaîne de restauration rapide qui a pour slogan (en 2023) « Le goût de se retrouver » : _ uic_ QK / KQ
98%
Donne les 2 lettres manquantes du titre de ce film de 2024 : L'amour _u_
OF / FO
95%
Donne les 2 lettres qui complètent le titre de la première fable du Livre I des Fables de La Fontaine : La _i_ale et la Fourmi CG / GC
94%
Donne les 2 lettres manquantes qui désignent ce club de Football : _ _ Monaco
AS /SA
89%
Donne les 2 lettres manquantes qui complètent les paroles de la chanson "Tous les cris les S.O.S" de Daniel Balavoine : Comme un fou va jeter à la mer Des bouteilles vides et puis espère Qu'on pourra lire à travers S.O.S. Écrit avec de l'air Pour te dire que je me sens seul Je dessine à l'encre vide Un _ese_t DR / RD
77%
Donne les 2 lettres manquantes au prénom (à la française) d'origine basque qui signifie « maison neuve » : _ a _ier XV / VX
53%
Donne les 2 lettres qui complètent le nom de cet acteur russo-américain : _ _ L BRENNER
YU / UY
29%
Donne les 2 lettres manquantes dans le nom de la gagnante de la onzième édition de la Nouvelle Star en 2015 : E M _ _
JI / IJ
11%
Dernière Question : Donne la lettre la plus présente (3 fois) dans le nom de l'unique sœur de Catherine "Kate" Middleton, princesse de Galles :
P (Philippa / Pippa)
8%
Aucun quiz correspondant
Distribution des résultats
% des personnes avec chaque résultat
Percentile par nombre de réponses
Votre historique - résultats
Vous n’avez pas pris ce quiz